جوانب من أصالة لهجة البقارة /
Saved in:
| Main Author: | |
|---|---|
| Other Authors: | |
| Format: | Thesis |
| Language: | Arabic |
| Published: |
Khartum :
Ma'had al-Khartum al-Dawli li-al-Lughah al-'Arabiyah,
1995
|
| Subjects: | |
| Tags: |
Add Tag
No Tags, Be the first to tag this record!
|
| LEADER | 012460000a22003130004500 | ||
|---|---|---|---|
| 001 | 289868 | ||
| 005 | 20230420111219.0 | ||
| 008 | 031029s1995 sj g 0 0 0 ara d | ||
| 035 | |a (Sirsi) 289868 | ||
| 040 | |a UIAM |b eng | ||
| 041 | 0 | |a ara | |
| 050 | 0 | 0 | |a PJ6801.8.B3 |
| 100 | 1 | |a خليفة، موسى حامد |9 115554 | |
| 242 | 1 | 0 | |a Jawanib min asalat lahjat al-Baqqarah |
| 245 | 1 | 0 | |a جوانب من أصالة لهجة البقارة / |c اعداد موسى حامد موسى خليفة |
| 260 | |a Khartum : |b Ma'had al-Khartum al-Dawli li-al-Lughah al-'Arabiyah, |c 1995 | ||
| 300 | |a 146, 62 leaves ; |c 31 cm. | ||
| 336 | |2 rdacontent | ||
| 337 | |2 rdamedia | ||
| 338 | |2 rdacarrier | ||
| 502 | |a " بحث تكميلى لنيل درجة الماجستير فى اللغة العربية " | ||
| 502 | |a Thesis (Master)--Khartoum International Institute for Arabic Language,1995 | ||
| 650 | 0 | |a Arabic language |x Dialects Baqqarah |z Sudan |9 115555 | |
| 655 | 0 | 7 | |a Theses, non-IIUM |
| 700 | 1 | 0 | |a Khalifah, Musa Hamid |9 115556 |
| 900 | |a ami. | ||
| 942 | |2 lcc |n 0 | ||
| 999 | |c 431604 |d 463510 | ||
| 952 | |0 0 |6 T PJ 006801.8 B3K45J 1995 |7 0 |8 THESES |9 754823 |a IIUM |b IIUM |c MULTIMEDIA |g 0.00 |o t PJ6801.8B3K45J 1995 |p 00000864955 |r 2017-10-20 |t 1 |v 0.00 |y THESIS | ||
